Central Library || Chittagong University

An illustrated seaweed flore of Calatagan, batangas, philippines.// (Record no. 112906)

MARC details
000 -LEADER
fixed length control field 00550nam a22001697a 4500
003 - CONTROL NUMBER IDENTIFIER
control field BD-ChCU
005 - DATE AND TIME OF LATEST TRANSACTION
control field 20260512123046.0
008 - FIXED-LENGTH DATA ELEMENTS--GENERAL INFORMATION
fixed length control field 260512b bg ||||| |||| 00| 0 ben d
040 ## - CATALOGING SOURCE
Transcribing agency BD-ChCU
082 ## - DEWEY DECIMAL CLASSIFICATION NUMBER
Classification number 589.41 TRI
100 ## - MAIN ENTRY--PERSONAL NAME
Personal name Trono, Gavino C, and Ganzon-Fortes, E. T.
9 (RLIN) 22842
245 ## - TITLE STATEMENT
Title An illustrated seaweed flore of Calatagan, batangas, philippines.//
Statement of responsibility, etc. Trono, Gavino C, and Ganzon-Fortes, E. T.
260 ## - PUBLICATION, DISTRIBUTION, ETC.
Place of publication, distribution, etc. Manila
Name of publisher, distributor, etc. University of philippines.
Date of publication, distribution, etc. 1980
300 ## - PHYSICAL DESCRIPTION
Extent iii, 114p
650 #0 - SUBJECT ADDED ENTRY--TOPICAL TERM
Topical term or geographic name entry element Marine Plants.
9 (RLIN) 22844
942 ## - ADDED ENTRY ELEMENTS (KOHA)
Source of classification or shelving scheme Dewey Decimal Classification
Koha item type Books
Suppress in OPAC No
Holdings
Withdrawn status Lost status Source of classification or shelving scheme Damaged status Not for loan Home library Current library Shelving location Date acquired Source of acquisition Total Checkouts Full call number Barcode Date last seen Copy number Price effective from Koha item type
    Dewey Decimal Classification     Chittagong University Library Institute of Marine Sciences Seminar Library Science Reading Room 05/12/2026 Purchase   589.41 TRI 137959 05/12/2026 C-1 05/12/2026 Books
© Copyright 2026. Chittagong University Library, Installation and Maintenance by Prof. Dr. Md. Alamgir, 01711306253